Les deu claus per estalviar en el rebut de la llum
Descripción Física:
1 díptic ; 15 x 21 cm
Materias:
Energia -- Estalvi
Idioma:
Catalán
MARC
| LEADER | 00000nam a22000007a 4500 | ||
|---|---|---|---|
| 001 | 27889 | ||
| 003 | Arxiu | ||
| 005 | 20260324181516.0 | ||
| 008 | 230522b spa||||| |||| 00| 0 cat d | ||
| 017 | |a B 13454-2014 | ||
| 040 | |a agdb |b cat | ||
| 245 | |a Les deu claus per estalviar en el rebut de la llum | ||
| 260 | |a Barcelona : |b Diputació de Barcelona ; |c 2014 | ||
| 300 | |a 1 díptic ; |c 15 x 21 cm | ||
| 650 | 0 | |9 33412 |a Energia |x Estalvi | |
| 710 | 1 | |9 52772 |a Barcelona (Catalunya : Província). |b Xarxa Local de Consum | |
| 710 | 1 | |9 52739 |a Barcelona (Catalunya : Província). |b Servei de Suport a les Polítiques de Consum | |
| 942 | |2 udc |c ARXIU |n 1 | ||
| 952 | |0 0 |1 0 |2 udc |4 0 |6 FU75113 |7 1 |9 66373 |a Arxiu |b Arxiu |d 2023-05-22 |l 0 |o FU-75-113 |p 27889 |r 2023-05-22 00:00:00 |w 2023-05-22 |y ARXIU | ||
| 999 | |c 83734 |d 83734 | ||